| 000 | 00952cab a2200265 4500 | ||
|---|---|---|---|
| 001 | ABS59784 | ||
| 008 | 090401t1998 xxu||||| |||| 00| 0 eng d | ||
| 035 | _a(Sirsi) u90137 | ||
| 041 | _aeng | ||
| 100 | _aTaylor, R.M. | ||
| 245 | _aBuilding surveys with particular reference to new properties: the practical thoughts and experience of a chartered surveyor | ||
| 260 | _c1998 | ||
| 350 | _a0 | ||
| 490 |
_aStructural Survey _v16(4) 1998, 180-192(13) |
||
| 520 | _aProvides discussion on the topic of perceived risk to surveyors, particularly when conducting building surveys on new houses, when there is no standard Terms of Engagement. | ||
| 650 | _aBUILDING SURVEYS | ||
| 650 | _aRICS HOMEBUYER SURVEY AND VALUATION | ||
| 650 | _aLIABILITY CLAIMS | ||
| 650 | _aMORTGAGE VALUATIONS | ||
| 650 | _aNEW HOUSES | ||
| 650 | _aTERMS OF ENGAGEMENT | ||
| 690 | _aBUILT ENVIRONMENT-BUILDING INSPECTION | ||
| 942 | _n0 | ||
| 948 | _c04/12/1998 | ||
| 999 |
_c57098 _d57098 |
||